000 00322nam a22001337a 4500
008 170403b xxu||||| |||| 00| 0 eng d
020 _a9780306467844
041 _aeng
080 _a574
100 _a9
101 _aSHM
245 _aTOXIS TURMOIL PSYCHOLOGICAL AND SOCIETY OF ECOLOGICAL
_cHAVENAAR.J.M
942 _2udc
_cBK
999 _c9528
_d9528